A hidden wholeness : (Record no. 121357)
[ view plain ]
| 000 -LEADER | |
|---|---|
| fixed length control field | 02086cam a22003737a 4500 |
| 001 - CONTROL NUMBER | |
| control field | 13528497 |
| 003 - CONTROL NUMBER IDENTIFIER | |
| control field | ARRUPE |
| 005 - DATE AND TIME OF LATEST TRANSACTION | |
| control field | 20150409020006.0 |
| 008 - FIXED-LENGTH DATA ELEMENTS--GENERAL INFORMATION | |
| fixed length control field | 040318s2004 cau b 001 0 eng |
| 010 ## - LIBRARY OF CONGRESS CONTROL NUMBER | |
| LC control number | 2004006421 |
| 020 ## - INTERNATIONAL STANDARD BOOK NUMBER | |
| International Standard Book Number | 0787971006 (alk. paper) |
| 020 ## - INTERNATIONAL STANDARD BOOK NUMBER | |
| International Standard Book Number | 9780470453766 (pbk.) |
| 040 ## - CATALOGING SOURCE | |
| Original cataloging agency | DLC |
| Transcribing agency | DLC |
| Modifying agency | DLC |
| 042 ## - AUTHENTICATION CODE | |
| Authentication code | pcc |
| 050 00 - LIBRARY OF CONGRESS CALL NUMBER | |
| Classification number | BV4501.3 |
| Item number | .P3555 2008 |
| 082 00 - DEWEY DECIMAL CLASSIFICATION NUMBER | |
| Classification number | 248.4 |
| Edition number | 22 |
| 300 ## - PHYSICAL DESCRIPTION | |
| Dimensions | 20 cm. + |
| 100 1# - MAIN ENTRY--PERSONAL NAME | |
| Personal name | Palmer, Parker J. |
| 9 (RLIN) | 12963 |
| 245 12 - TITLE STATEMENT | |
| Title | A hidden wholeness : |
| Remainder of title | the journey toward an undivided life / |
| Statement of responsibility, etc | Parker J. Palmer. |
| 246 30 - VARYING FORM OF TITLE | |
| Title proper/short title | Journey toward an undivided life |
| 246 1# - VARYING FORM OF TITLE | |
| Display text | Title on DVD: |
| Title proper/short title | Circles of trust : |
| Remainder of title | the work of Parker J. Palmer |
| 250 ## - EDITION STATEMENT | |
| Edition statement | 1st ed. |
| 260 ## - PUBLICATION, DISTRIBUTION, ETC. (IMPRINT) | |
| Place of publication, distribution, etc | San Francisco, CA : |
| Name of publisher, distributor, etc | Jossey-Bass, |
| Date of publication, distribution, etc | [2008], c2004. |
| 300 ## - PHYSICAL DESCRIPTION | |
| Extent | xi, 260 p. ; |
| Accompanying material | 1 videodisc (DVD : sd., col. ; 4 3/4 in.) |
| 500 ## - GENERAL NOTE | |
| General note | Accompanying DVD copyright 2008. |
| 504 ## - BIBLIOGRAPHY, ETC. NOTE | |
| Bibliography, etc | Includes bibliographical references (p. 187-195) and index. |
| 505 0# - FORMATTED CONTENTS NOTE | |
| Formatted contents note | Prelude : The blizzard of the world -- Images of integrity : living "divided no more" -- Across the great divide : rejoining soul and role -- Explorations in true self : intimations of the soul -- Being alone together : a community of solitudes -- Preparing for the journey : creating circles of trust -- The truth told slant : the power of metaphor -- Deep speaks to deep : learning to speak and listen -- Living the questions : experiments with truth -- On laughter and silence : not-so-strange bedfellows -- The third way : nonviolence in everyday life. |
| 650 #0 - SUBJECT ADDED ENTRY--TOPICAL TERM | |
| Topical term or geographic name as entry element | Spiritual life. |
| 9 (RLIN) | 4105 |
| 856 42 - ELECTRONIC LOCATION AND ACCESS | |
| Materials specified | Publisher description |
| Uniform Resource Identifier | <a href="http://www.loc.gov/catdir/description/wiley042/2004006421.html">http://www.loc.gov/catdir/description/wiley042/2004006421.html</a> |
| 856 42 - ELECTRONIC LOCATION AND ACCESS | |
| Materials specified | Contributor biographical information |
| Uniform Resource Identifier | <a href="http://www.loc.gov/catdir/bios/wiley047/2004006421.html">http://www.loc.gov/catdir/bios/wiley047/2004006421.html</a> |
| 856 41 - ELECTRONIC LOCATION AND ACCESS | |
| Materials specified | Table of contents |
| Uniform Resource Identifier | <a href="http://www.loc.gov/catdir/toc/ecip0416/2004006421.html">http://www.loc.gov/catdir/toc/ecip0416/2004006421.html</a> |
| 906 ## - LOCAL DATA ELEMENT F, LDF (RLIN) | |
| a | 7 |
| b | cbc |
| c | orignew |
| d | 1 |
| e | ecip |
| f | 20 |
| g | y-gencatlg |
| 942 ## - ADDED ENTRY ELEMENTS (KOHA) | |
| Source of classification or shelving scheme | Library of Congress Classification |
| Koha item type | Monograph ( Printed materials) |
| Koha issues (borrowed), all copies | 2 |
| Withdrawn status | Lost status | Source of classification or shelving scheme | Damaged status | Not for loan | Collection code | Home library | Current library | Shelving location | Date acquired | Total Checkouts | Full call number | Barcode | Date last seen | Date checked out | Price effective from | Koha item type |
|---|---|---|---|---|---|---|---|---|---|---|---|---|---|---|---|---|
| Library of Congress Classification | Main Collection | ARRUPE LIBRARY | ARRUPE LIBRARY | Main Collection | 02/12/2014 | 2 | BV4501.3 .P35 2004 | 46500003551 | 24/01/2017 | 08/04/2015 | 02/12/2014 | Monograph ( Printed materials) |